Take A Square Of Forest
| Main Author: | |
|---|---|
| Format: | Book |
| Published: |
Jordan :
Great Britain ,
1992
|
| Subjects: |
MARC
| LEADER | 00000cam a2200000 7i4500 | ||
|---|---|---|---|
| 001 | 0000035295 | ||
| 005 | 20040102.0 | ||
| 008 | 031208s1992 | ||
| 020 | |a 0431001812 | ||
| 090 | 0 | 0 | |a J 304.28 BON |
| 100 | 1 | |a Bonar,Veroniea | |
| 245 | 1 | 0 | |a Take A Square Of Forest |c Bonar,Veroniea |
| 260 | |a Jordan : |b Great Britain , |c 1992 | ||
| 300 | |a 30p : |b Col.ill ; |c 22 cm. | ||
| 650 | 0 | 0 | |a Human ecology. |
| 999 | |a 10891 |b Buku |c Koleksi Pinjaman Kanak-Kanak |e Perbadanan Perpustakaan Awam Melaka | ||